[Event "163 Stay Safe Play From Home"]
[Site "T#646248Emanuel Laske"]
[Date "2020.05.22"]
[Round "6"]
[White "Lamborghini"]
[Black "Hoffentlichreichts"]
[Result "0-1"]
[WhiteElo "2187"]
[BlackElo "2389"]
[Annotator "TA"]
[PlyCount "92"]
[EventDate "2020.05.22"]
[EventType "swiss (blitz)"]

{[%evp 9,91,31,27,27,28,2,5,-29,-41,-61,94,-102,-10,-433,-121,-195,0,0,425,0,1,0,0,0,0,0,0,0,22,0,14,-24,12,10,24,13,98,35,69,62,73,58,214,116,230,177,236,271,246,-451,-431,-577,-575,-909,-909,-1005,-1005,-1005,-1004,-1124,-1135,-1129,-1069,-1068,-859,-1488,-766,-29965,-29971,-29981,-29982,-29982,-29980,-29984,-29982,-29996,-29983,-29996,-29997,-29999,-29998,-29998,-29999,-29999]} 1. e4 c6 2. d4 g6 3. Nc3 d5 4. Bf4 dxe4 5. Nxe4 Nf6 6. Nxf6+ {B15: Caro-Kann: 3 Nc3: 3...g6 and 3...dxe4 4 Nxe4 Nf6 5 Nxf6+ exf6.} exf6 {[#]} 7. Qe2+ $146 ({Predecessor:} 7. Bc4 Qe7+ 8. Qe2 Bg4 9. Qxe7+ Bxe7 10. Ne2 Be6 11. Bd3 Nd7 12. c4 O-O 13. O-O {1-0 (58) Filipenko,A (2312)-Dmitriev,I (2290) Izhevsk 2013}) 7... Be6 8. O-O-O {The position is equal.} Bg7 9. c4 {Hoping for d5.} Qa5 $2 (9... O-O $15 {stays ahead.}) 10. Kb1 $2 (10. d5 $1 $16 {[%cal Rd5e6] is necessary to keep the advantage.} cxd5 11. cxd5 {[%mdl 64] Pin}) 10... O-O (10... Qf5+ $17 11. Ka1 Qxf4) 11. Nf3 $2 {[%mdl 8192]} (11. Qd2 $11 {and White is okay.} Qxd2 12. Rxd2) 11... Na6 $2 (11... Qf5+ $19 {has better winning chances.} 12. Qc2 Qxf4) 12. Qd2 (12. Bd2 $17 {might work better.} Nb4 13. Bxb4 Bf5+ 14. Ka1 Qxb4 15. a3) 12... Qf5+ $2 ({Resist} 12... Nb4 13. a3 $17) (12... Bf5+ $19 13. Ka1 Nb4) 13. Bd3 Qg4 $2 {[%mdl 8192] [#]} (13... Nb4 $1 $11 14. Bxf5 (14. Qxb4 Qxf4 15. Rhe1 Qc7 $11) 14... Bxf5+ 15. Ka1 Nc2+ 16. Kb1 Nb4+ 17. Ka1 Nc2+ 18. Kb1 Nb4+) 14. Bg3 $2 ({Only move:} 14. h3 $1 $18 {[%cal Rh3g4]} Qh5 15. g4 {[%mdl 64] Overworked Piece} Bxg4 16. hxg4 Qxg4 17. Bh6 Qxf3 18. Bxg7 Qxd1+ 19. Qxd1 Kxg7 20. Qb3) 14... Bf5 $11 15. h3 Bxd3+ $1 16. Qxd3 Qd7 17. a3 Rad8 18. Rhe1 Rfe8 19. Rxe8+ Rxe8 20. d5 Rd8 (20... Nc5 $5 {[%cal Rc5d3]} 21. Qc2 cxd5 $11) 21. d6 $36 {[%mdl 2048] White has some pressure.} Nc5 22. Qe3 Ne6 (22... b6 $11) 23. Nd4 ({White should play} 23. Qxa7 $16 Ng5 24. Qb6) 23... Nxd4 24. Qxd4 b6 25. c5 b5 $2 (25... bxc5 $14 26. Qxc5 f5) 26. f3 (26. Re1 $18) 26... a5 (26... Re8 $16) 27. Bh4 b4 (27... Re8 {is a better defense.} 28. Re1 Re5) 28. axb4 $18 axb4 29. Bxf6 $4 {[%mdl 8192]} (29. Qxb4 $18 {and life is good for White. Threatens to win with g4.} Re8 30. Qc4) 29... Qf5+ $19 {[%mdl 64] Double Attack} 30. Rd3 Bxf6 31. Qe4 Qxc5 32. d7 {[#]} b3 $1 33. Rxb3 Qg1+ {[%mdl 64] Double Attack} 34. Kc2 Qxg2+ 35. Kb1 Qf1+ 36. Kc2 Kg7 37. Rd3 Qxh3 38. b4 Rxd7 {Black mates.} 39. Rxd7 Qxd7 40. Qc4 {[#]} Qd5 $1 41. Kb3 Qxf3+ 42. Qc3 Qd5+ 43. Ka4 Bxc3 {[%cal Rd5a2]} 44. b5 Qxb5+ 45. Ka3 Qb4+ 46. Ka2 Qb2# {What a bad dream for White. Accuracy: White = 35%, Black = 40%.} 0-1

[Event "163 Stay Safe Play From Home"]
[Site "T#646248Emanuel Laske"]
[Date "2020.05.22"]
[Round "6"]
[White "SoulofWolf"]
[Black "Mepe_Nika"]
[Result "0-1"]
[WhiteElo "2164"]
[BlackElo "2323"]
[Annotator "RC"]
[PlyCount "90"]
[EventDate "2020.05.22"]
[EventType "swiss (blitz)"]

1. Nf3 {[%emt 0:00:01]} d5 {[%emt 0:00:01]} 2. c4 {[%emt 0:00:00]} c6 {[%emt 0:00:01]} 3. e3 {[%emt 0:00:00]} Nf6 {[%emt 0:00:01]} 4. cxd5 {[%emt 0:00:00]} cxd5 {[%emt 0:00:01]} 5. d4 {[%emt 0:00:00]} Nc6 {[%emt 0:00:01]} 6. Bd3 {[%emt 0:00:00]} Bg4 {[%emt 0:00:00]} 7. O-O {[%emt 0:00:01]} e6 {[%emt 0:00:01]} 8. Nbd2 {[%emt 0:00:01]} Bd6 {[%emt 0:00:01]} 9. h3 {[%emt 0:00:00]} Bh5 {[%emt 0:00:01]} 10. a3 {[%emt 0:00:00]} Rc8 {[%emt 0:00:01]} 11. b4 {[%emt 0:00:01]} Bb8 {[%emt 0:00:00]} 12. Bb2 {[%emt 0:00:00]} Qd6 {[%emt 0:00:01]} 13. g3 {[%emt 0:00:03]} O-O {[%emt 0:00:02]} 14. Kg2 {[%emt 0:00:01]} Bg6 {[%emt 0:00:01]} 15. Qe2 {[%emt 0:00:01]} Ne4 {[%emt 0:00:01]} 16. Rac1 {[%emt 0:00:01]} Ne7 {[%emt 0:00:03]} 17. Ne5 {[%emt 0:00:04]} Nxd2 {[%emt 0:00:02]} 18. Qxd2 {[%emt 0:00:00]} Bxd3 {[%emt 0:00:01]} 19. Qxd3 {[%emt 0:00:00]} f6 {[%emt 0:00:01]} 20. Nf3 {[%emt 0:00:02]} Nf5 {[%emt 0:00:01]} 21. Rg1 {[%emt 0:00:14]} a6 {[%emt 0:00:01]} 22. Kf1 {[%emt 0:00:01]} Qe7 {[%emt 0:00:01]} 23. Ke2 {[%emt 0:00:02]} Nd6 {[%emt 0:00:01]} 24. Nd2 {[%emt 0:00:01]} Qd7 {[%emt 0:00:02]} 25. Rc3 {[%emt 0:00:01]} Rxc3 {[%emt 0:00:01]} 26. Qxc3 {[%emt 0:00:00]} Rc8 {[%emt 0:00:02]} 27. Qd3 {[%emt 0:00:00]} Nc4 {[%emt 0:00:01]} 28. Nxc4 {[%emt 0:00:03]} Rxc4 {[%emt 0:00:00]} 29. Qc3 {[%emt 0:00:00]} Rxc3 {[%emt 0:00:01]} 30. Bxc3 {[%emt 0:00:00]} Qa4 {[%emt 0:00:01]} 31. Rc1 {[%emt 0:00:00]} Qxa3 {[%emt 0:00:01]} 32. Bd2 {[%emt 0:00:01]} Kf7 {[%emt 0:00:02]} 33. Rc3 {[%emt 0:00:01]} Qb2 {[%emt 0:00:02]} 34. g4 {[%emt 0:00:02]} Bd6 {[%emt 0:00:02]} 35. Rc8 {[%emt 0:00:03]} Bxb4 {[%emt 0:00:01]} 36. Kf3 {[%emt 0:00:01]} Qxd2 {[%emt 0:00:01]} 37. Rc7+ {[%emt 0:00:00]} Kg6 {[%emt 0:00:02]} 38. Rxb7 {[%emt 0:00:00]} a5 {[%emt 0:00:01]} 39. h4 {[%emt 0:00:01]} Qd1+ {[%emt 0:00:01]} 40. Kf4 {[%emt 0:00:01]} h5 {[%emt 0:00:01]} 41. gxh5+ {[%emt 0:00:02]} Qxh5 {[%emt 0:00:01]} 42. Kg3 {[%emt 0:00:01]} Be1 {[%emt 0:00:01]} 43. Kg2 {[%emt 0:00:02]} Qe2 {[%emt 0:00:01]} 44. Rb2 {[%emt 0:00:00]} Qxb2 {[%emt 0:00:01]} 45. Kf3 {[%emt 0:00:00]} Qxf2+ {[%emt 0:00:01] SoulofWolf poddaje siê (Lag: Av=0.41s, max=1.0s)} 0-1

[Event "163 Stay Safe Play From Home"]
[Site "T#646248Emanuel Laske"]
[Date "2020.05.22"]
[Round "6"]
[White "Fischer_11"]
[Black "Weltszmerc"]
[Result "1-0"]
[WhiteElo "2057"]
[BlackElo "1963"]
[Annotator "NA RC"]
[PlyCount "117"]
[EventDate "2020.05.22"]
[EventType "swiss (blitz)"]

1. e4 {[%emt 0:00:01]} Nf6 {[%emt 0:00:00]} 2. Nc3 {[%emt 0:00:01]} d5 {[%emt 0:00:01]} 3. exd5 {[%emt 0:00:00]} Nxd5 {[%emt 0:00:01]} 4. Nxd5 {[%emt 0:00:00]} Qxd5 {[%emt 0:00:00]} 5. Qf3 {[%emt 0:00:00]} Qxf3 {[%emt 0:00:01]} 6. Nxf3 {[%emt 0:00:00]} c5 {[%emt 0:00:01]} 7. Bb5+ {[%emt 0:00:01]} Bd7 {[%emt 0:00:01]} 8. Bxd7+ {[%emt 0:00:01]} Nxd7 {[%emt 0:00:00]} 9. Kf1 {[%emt 0:00:00]} e5 {[%emt 0:00:01]} 10. g3 {[%emt 0:00:00]} e4 {[%emt 0:00:01]} 11. Ng5 {[%emt 0:00:01]} Nf6 {[%emt 0:00:01]} 12. Kg2 {[%emt 0:00:01]} h6 {[%emt 0:00:01]} 13. Nh3 {[%emt 0:00:00]} Bd6 {[%emt 0:00:00]} 14. Re1 {[%emt 0:00:01]} O-O {[%emt 0:00:01]} 15. f3 {[%emt 0:00:05]} Rfe8 {[%emt 0:00:02]} 16. fxe4 {[%emt 0:00:07]} Rxe4 {[%emt 0:00:01]} 17. Rxe4 {[%emt 0:00:02]} Nxe4 {[%emt 0:00:00]} 18. d3 {[%emt 0:00:00]} Nf6 {[%emt 0:00:01]} 19. Bf4 {[%emt 0:00:01]} Bf8 {[%emt 0:00:02]} 20. Re1 {[%emt 0:00:01]} Rc8 {[%emt 0:00:01]} 21. c3 {[%emt 0:00:02]} c4 {[%emt 0:00:01]} 22. d4 {[%emt 0:00:00]} Nd5 {[%emt 0:00:01]} 23. Re5 {[%emt 0:00:01]} Nxf4+ {[%emt 0:00:03]} 24. Nxf4 {[%emt 0:00:00]} Bd6 {[%emt 0:00:01]} 25. Rd5 {[%emt 0:00:03]} Bxf4 {[%emt 0:00:01]} 26. gxf4 {[%emt 0:00:00]} Rc7 {[%emt 0:00:01]} 27. Kf2 {[%emt 0:00:02]} Kf8 {[%emt 0:00:01]} 28. h4 {[%emt 0:00:02]} Ke7 {[%emt 0:00:00]} 29. h5 {[%emt 0:00:01]} f6 {[%emt 0:00:01]} 30. Ra5 {[%emt 0:00:03]} b6 {[%emt 0:00:01]} 31. Rd5 {[%emt 0:00:01]} Ke6 {[%emt 0:00:00]} 32. Rd8 {[%emt 0:00:02]} Kf5 {[%emt 0:00:01]} 33. Kf3 {[%emt 0:00:01]} Re7 {[%emt 0:00:01]} 34. Rd5+ {[%emt 0:00:01]} Ke6 {[%emt 0:00:01]} 35. Rd8 {[%emt 0:00:03]} Kf5 {[%emt 0:00:01]} 36. Rc8 {[%emt 0:00:03]} b5 {[%emt 0:00:05]} 37. Rc5+ {[%emt 0:00:01]} Ke6 {[%emt 0:00:01]} 38. f5+ {[%emt 0:00:02]} Kd6 {[%emt 0:00:01]} 39. Rxb5 {[%emt 0:00:00]} Re1 {[%emt 0:00:01]} 40. Rc5 {[%emt 0:00:02]} Rf1+ {[%emt 0:00:01]} 41. Ke2 {[%emt 0:00:01]} Rb1 {[%emt 0:00:02]} 42. Rxc4 {[%emt 0:00:00]} Rxb2+ {[%emt 0:00:01]} 43. Kd3 {[%emt 0:00:00]} Rxa2 {[%emt 0:00:00]} 44. Rc8 {[%emt 0:00:01]} Rg2 {[%emt 0:00:03]} 45. Rg8 {[%emt 0:00:00]} Rg5 {[%emt 0:00:01]} 46. c4 {[%emt 0:00:01]} a6 {[%emt 0:00:01]} 47. c5+ {[%emt 0:00:00]} Kd5 {[%emt 0:00:01]} 48. Rd8+ {[%emt 0:00:00]} Kc6 {[%emt 0:00:01]} 49. Kc4 {[%emt 0:00:00]} Kc7 {[%emt 0:00:01]} 50. Rd6 {[%emt 0:00:00]} Rxf5 {[%emt 0:00:01]} 51. Rxa6 {[%emt 0:00:01]} Rxh5 {[%emt 0:00:01]} 52. Ra5 {[%emt 0:00:00]} g5 {[%emt 0:00:02]} 53. Ra7+ {[%emt 0:00:00]} Kb8 {[%emt 0:00:01]} 54. Rh7 {[%emt 0:00:00]} Rh1 {[%emt 0:00:00]} 55. Kb5 {[%emt 0:00:00]} Rb1+ {[%emt 0:00:01]} 56. Kc6 {[%emt 0:00:00]} g4 {[%emt 0:00:01]} 57. d5 {[%emt 0:00:00]} g3 {[%emt 0:00:00]} 58. d6 {[%emt 0:00:00]} g2 {[%emt 0:00:00]} 59. d7 {[%emt 0:00:00] Czas partii (Lag: Av=0.66s, max=1.0s)} 1-0

[Event "163 Stay Safe Play From Home"]
[Site "T#646248Emanuel Laske"]
[Date "2020.05.22"]
[Round "6"]
[White "Victory_gm"]
[Black "SecantFX"]
[Result "1-0"]
[WhiteElo "2021"]
[BlackElo "1930"]
[Annotator "RC"]
[PlyCount "89"]
[EventDate "2020.05.22"]
[EventType "swiss (blitz)"]

1. e4 {[%emt 0:00:02]} b6 {[%emt 0:00:02]} 2. Nc3 {[%emt 0:00:00]} Bb7 {[%emt 0:00:00]} 3. d4 {[%emt 0:00:00]} c6 {[%emt 0:00:01]} 4. f4 {[%emt 0:00:01]} e6 {[%emt 0:00:00]} 5. Nf3 {[%emt 0:00:01]} g6 {[%emt 0:00:00]} 6. e5 {[%emt 0:00:01]} Bg7 {[%emt 0:00:00]} 7. Ne4 {[%emt 0:00:01]} Ne7 {[%emt 0:00:00]} 8. Nd6+ {[%emt 0:00:01]} Kf8 {[%emt 0:00:01]} 9. Nxb7 {[%emt 0:00:00]} d5 {[%emt 0:00:01]} 10. Nd6 {[%emt 0:00:00]} Nf5 {[%emt 0:00:01]} 11. Nb7 {[%emt 0:00:01]} Qc7 {[%emt 0:00:01]} 12. Nd6 {[%emt 0:00:01]} Nxd6 {[%emt 0:00:01]} 13. exd6 {[%emt 0:00:02]} Qxd6 {[%emt 0:00:00]} 14. Ne5 {[%emt 0:00:00]} Nd7 {[%emt 0:00:01]} 15. Bd3 {[%emt 0:00:01]} Nxe5 {[%emt 0:00:01]} 16. fxe5 {[%emt 0:00:00]} Qd7 {[%emt 0:00:01]} 17. O-O {[%emt 0:00:01]} h6 {[%emt 0:00:01]} 18. Bxg6 {[%emt 0:00:02]} f5 {[%emt 0:00:03]} 19. exf6 {[%emt 0:00:02]} Bxf6 {[%emt 0:00:01]} 20. Rxf6+ {[%emt 0:00:02]} Kg7 {[%emt 0:00:00]} 21. Qf3 {[%emt 0:00:01]} Raf8 {[%emt 0:00:02]} 22. Rxf8 {[%emt 0:00:03]} Rxf8 {[%emt 0:00:00]} 23. Qg4 {[%emt 0:00:01]} Kh8 {[%emt 0:00:01]} 24. Bxh6 {[%emt 0:00:02]} Qg7 {[%emt 0:00:00]} 25. Bxg7+ {[%emt 0:00:01]} Kxg7 {[%emt 0:00:00]} 26. Rf1 {[%emt 0:00:01]} Rxf1+ {[%emt 0:00:01]} 27. Kxf1 {[%emt 0:00:00]} Kf6 {[%emt 0:00:01]} 28. Qxe6+ {[%emt 0:00:00]} Kxe6 {[%emt 0:00:01]} 29. h4 {[%emt 0:00:00]} Kf6 {[%emt 0:00:01]} 30. h5 {[%emt 0:00:00]} c5 {[%emt 0:00:02]} 31. g4 {[%emt 0:00:01]} cxd4 {[%emt 0:00:01]} 32. Bd3 {[%emt 0:00:01]} a5 {[%emt 0:00:02]} 33. h6 {[%emt 0:00:01]} b5 {[%emt 0:00:02]} 34. h7 {[%emt 0:00:01]} Kg7 {[%emt 0:00:01]} 35. g5 {[%emt 0:00:00]} b4 {[%emt 0:00:01]} 36. g6 {[%emt 0:00:00]} a4 {[%emt 0:00:00]} 37. Kf2 {[%emt 0:00:01]} b3 {[%emt 0:00:00]} 38. cxb3 {[%emt 0:00:01]} a3 {[%emt 0:00:01]} 39. bxa3 {[%emt 0:00:01]} Kh8 {[%emt 0:00:01]} 40. a4 {[%emt 0:00:00]} Kg7 {[%emt 0:00:00]} 41. a5 {[%emt 0:00:00]} Kf6 {[%emt 0:00:00]} 42. a6 {[%emt 0:00:00]} Kg7 {[%emt 0:00:00]} 43. a7 {[%emt 0:00:00]} Kh8 {[%emt 0:00:01]} 44. a8=Q+ {[%emt 0:00:01]} Kg7 {[%emt 0:00:00]} 45. h8=Q# {[%emt 0:00:01] (Lag: Av=0.46s, max=1.2s)} 1-0

[Event "163 Stay Safe Play From Home"]
[Site "T#646248Emanuel Laske"]
[Date "2020.05.22"]
[Round "6"]
[White "Don59as"]
[Black "Emresenar"]
[Result "1-0"]
[WhiteElo "1965"]
[BlackElo "1752"]
[Annotator "NA RC"]
[PlyCount "87"]
[EventDate "2020.05.22"]
[EventType "swiss (blitz)"]

1. c4 {[%emt 0:00:01]} b6 {[%emt 0:00:00]} 2. Nc3 {[%emt 0:00:00]} Bb7 {[%emt 0:00:00]} 3. e4 {[%emt 0:00:00]} g6 {[%emt 0:00:00]} 4. g3 {[%emt 0:00:00]} Bg7 {[%emt 0:00:00]} 5. Nge2 {[%emt 0:00:01]} d6 {[%emt 0:00:02]} 6. Bg2 {[%emt 0:00:01]} e5 {[%emt 0:00:02]} 7. O-O {[%emt 0:00:01]} Ne7 {[%emt 0:00:00]} 8. d4 {[%emt 0:00:01]} O-O {[%emt 0:00:01]} 9. b3 {[%emt 0:00:01]} exd4 {[%emt 0:00:02]} 10. Nxd4 {[%emt 0:00:00]} c5 {[%emt 0:00:00]} 11. Nde2 {[%emt 0:00:01]} Nbc6 {[%emt 0:00:04]} 12. Bf4 {[%emt 0:00:02]} Ne5 {[%emt 0:00:03]} 13. Qd2 {[%emt 0:00:02]} N7c6 {[%emt 0:00:01]} 14. Rfd1 {[%emt 0:00:01]} Qe7 {[%emt 0:00:02]} 15. Qxd6 {[%emt 0:00:02]} Qxd6 {[%emt 0:00:02]} 16. Rxd6 {[%emt 0:00:00]} Rfd8 {[%emt 0:00:00]} 17. Rad1 {[%emt 0:00:01]} Rxd6 {[%emt 0:00:02]} 18. Rxd6 {[%emt 0:00:00]} Rd8 {[%emt 0:00:00]} 19. Rxd8+ {[%emt 0:00:01]} Nxd8 {[%emt 0:00:00]} 20. Nd5 {[%emt 0:00:01]} Ne6 {[%emt 0:00:07]} 21. Nec3 {[%emt 0:00:04]} Nd3 {[%emt 0:00:06]} 22. Bb8 {[%emt 0:00:04]} a6 {[%emt 0:00:03]} 23. Na4 {[%emt 0:00:04]} b5 {[%emt 0:00:01]} 24. Nab6 {[%emt 0:00:03]} bxc4 {[%emt 0:00:03]} 25. Nxc4 {[%emt 0:00:00]} Nd4 {[%emt 0:00:04]} 26. Ba7 {[%emt 0:00:04]} Ne2+ {[%emt 0:00:02]} 27. Kf1 {[%emt 0:00:01]} Nc3 {[%emt 0:00:01]} 28. Nxc3 {[%emt 0:00:02]} Bxc3 {[%emt 0:00:02]} 29. e5 {[%emt 0:00:02]} Nxe5 {[%emt 0:00:02]} 30. Bxb7 {[%emt 0:00:02]} Nd7 {[%emt 0:00:02]} 31. Bxa6 {[%emt 0:00:01]} Bd4 {[%emt 0:00:01]} 32. Bb5 {[%emt 0:00:01]} Nf6 {[%emt 0:00:00]} 33. Bb8 {[%emt 0:00:01]} Ne4 {[%emt 0:00:00]} 34. Be5 {[%emt 0:00:01]} Nd2+ {[%emt 0:00:00]} 35. Ke2 {[%emt 0:00:02]} Bxe5 {[%emt 0:00:00]} 36. Nxe5 {[%emt 0:00:01]} Nc4 {[%emt 0:00:00]} 37. Nxc4 {[%emt 0:00:01]} f6 {[%emt 0:00:00]} 38. a4 {[%emt 0:00:00]} Kg7 {[%emt 0:00:00]} 39. a5 {[%emt 0:00:00]} Kh6 {[%emt 0:00:00]} 40. a6 {[%emt 0:00:00]} Kg5 {[%emt 0:00:00]} 41. a7 {[%emt 0:00:00]} f5 {[%emt 0:00:00]} 42. a8=Q {[%emt 0:00:00]} h6 {[%emt 0:00:00]} 43. Qf3 {[%emt 0:00:00]} h5 {[%emt 0:00:00]} 44. Qf4+ {[%emt 0:00:00] Zaman (Lag: Av=0.71s, max=1.3s)} 1-0

[Event "163 Stay Safe Play From Home"]
[Site "T#646248Emanuel Laske"]
[Date "2020.05.22"]
[Round "6"]
[White "Lucknow"]
[Black "Lazieri3"]
[Result "1-0"]
[WhiteElo "1875"]
[BlackElo "2142"]
[Annotator "RC"]
[PlyCount "125"]
[EventDate "2020.05.22"]
[EventType "swiss (blitz)"]

1. d4 {[%emt 0:00:00]} c6 {[%emt 0:00:01]} 2. c4 {[%emt 0:00:00]} d5 {[%emt 0:00:00]} 3. Nf3 {[%emt 0:00:01]} Nf6 {[%emt 0:00:02]} 4. e3 {[%emt 0:00:00]} Bf5 {[%emt 0:00:00]} 5. Nc3 {[%emt 0:00:00]} e6 {[%emt 0:00:01]} 6. Bd3 {[%emt 0:00:00]} Bxd3 {[%emt 0:00:01]} 7. Qxd3 {[%emt 0:00:00]} h6 {[%emt 0:00:00]} 8. O-O {[%emt 0:00:01]} Bd6 {[%emt 0:00:01]} 9. e4 {[%emt 0:00:01]} dxe4 {[%emt 0:00:01]} 10. Nxe4 {[%emt 0:00:00]} Nxe4 {[%emt 0:00:01]} 11. Qxe4 {[%emt 0:00:00]} O-O {[%emt 0:00:01]} 12. Qe2 {[%emt 0:00:00]} Nd7 {[%emt 0:00:01]} 13. h3 {[%emt 0:00:00]} Nf6 {[%emt 0:00:01]} 14. Be3 {[%emt 0:00:01]} Qc7 {[%emt 0:00:01]} 15. Rad1 {[%emt 0:00:00]} Rad8 {[%emt 0:00:01]} 16. b3 {[%emt 0:00:00]} Bf4 {[%emt 0:00:01]} 17. Rd3 {[%emt 0:00:00]} Bxe3 {[%emt 0:00:01]} 18. Qxe3 {[%emt 0:00:00]} Rfe8 {[%emt 0:00:01]} 19. Rfd1 {[%emt 0:00:01]} a6 {[%emt 0:00:02]} 20. Ne5 {[%emt 0:00:02]} Nd7 {[%emt 0:00:01]} 21. Nf3 {[%emt 0:00:02]} Nf6 {[%emt 0:00:01]} 22. Re1 {[%emt 0:00:01]} Re7 {[%emt 0:00:01]} 23. Ne5 {[%emt 0:00:01]} Nd7 {[%emt 0:00:02]} 24. Nf3 {[%emt 0:00:03]} Rde8 {[%emt 0:00:03]} 25. Qd2 {[%emt 0:00:04]} Nf6 {[%emt 0:00:01]} 26. Rde3 {[%emt 0:00:01]} Qf4 {[%emt 0:00:03]} 27. Rd3 {[%emt 0:00:03]} Qxd2 {[%emt 0:00:02]} 28. Rxd2 {[%emt 0:00:00]} Rd8 {[%emt 0:00:03]} 29. Red1 {[%emt 0:00:01]} Red7 {[%emt 0:00:01]} 30. Kf1 {[%emt 0:00:00]} Ne4 {[%emt 0:00:02]} 31. Rd3 {[%emt 0:00:01]} Ng5 {[%emt 0:00:01]} 32. Nxg5 {[%emt 0:00:02]} hxg5 {[%emt 0:00:00]} 33. Ke2 {[%emt 0:00:00]} f6 {[%emt 0:00:01]} 34. Ke3 {[%emt 0:00:02]} Kf7 {[%emt 0:00:00]} 35. g3 {[%emt 0:00:02]} Rd6 {[%emt 0:00:01]} 36. h4 {[%emt 0:00:02]} gxh4 {[%emt 0:00:01]} 37. gxh4 {[%emt 0:00:00]} Rh8 {[%emt 0:00:01]} 38. Rh1 {[%emt 0:00:02]} g6 {[%emt 0:00:01]} 39. Kf3 {[%emt 0:00:00]} Rdd8 {[%emt 0:00:01]} 40. Kg3 {[%emt 0:00:01]} Rh5 {[%emt 0:00:00]} 41. Rf3 {[%emt 0:00:03]} Rdh8 {[%emt 0:00:01]} 42. Rf4 {[%emt 0:00:00]} R5h6 {[%emt 0:00:02]} 43. Rg4 {[%emt 0:00:01]} Rh5 {[%emt 0:00:01]} 44. f4 {[%emt 0:00:01]} g5 {[%emt 0:00:02]} 45. fxg5 {[%emt 0:00:01]} fxg5 {[%emt 0:00:00]} 46. Rf1+ {[%emt 0:00:02]} Ke7 {[%emt 0:00:02]} 47. Rxg5 {[%emt 0:00:00]} Rxh4 {[%emt 0:00:01]} 48. Kf3 {[%emt 0:00:02]} Rh3+ {[%emt 0:00:01]} 49. Rg3 {[%emt 0:00:00]} Rxg3+ {[%emt 0:00:01]} 50. Kxg3 {[%emt 0:00:00]} Rf8 {[%emt 0:00:01]} 51. Re1 {[%emt 0:00:01]} Rf5 {[%emt 0:00:02]} 52. Kg2 {[%emt 0:00:00]} Kd6 {[%emt 0:00:01]} 53. Rd1 {[%emt 0:00:00]} Rf4 {[%emt 0:00:01]} 54. Kg3 {[%emt 0:00:00]} Rf5 {[%emt 0:00:01]} 55. d5 {[%emt 0:00:01]} b5 {[%emt 0:00:00]} 56. dxc6+ {[%emt 0:00:02]} Kxc6 {[%emt 0:00:00]} 57. cxb5+ {[%emt 0:00:01]} Kxb5 {[%emt 0:00:01]} 58. Rc1 {[%emt 0:00:00]} Kb4 {[%emt 0:00:00]} 59. Kg4 {[%emt 0:00:00]} Rd5 {[%emt 0:00:01]} 60. Re1 {[%emt 0:00:00]} Rd2 {[%emt 0:00:00]} 61. Rxe6 {[%emt 0:00:01]} Ka3 {[%emt 0:00:00]} 62. Kf5 {[%emt 0:00:00]} Kxa2 {[%emt 0:00:00]} 63. Rb6 {[%emt 0:00:01] Time (Lag: Av=0.57s, max=1.1s)} 1-0

[Event "163 Stay Safe Play From Home"]
[Site "T#646248Emanuel Laske"]
[Date "2020.05.22"]
[Round "6"]
[White "Ionutn28"]
[Black "Haxhi Baha"]
[Result "1-0"]
[WhiteElo "1771"]
[BlackElo "1901"]
[Annotator "NA RC"]
[PlyCount "63"]
[EventDate "2020.05.22"]
[EventType "swiss (blitz)"]

1. e4 {[%emt 0:00:01]} e6 {[%emt 0:00:01]} 2. d3 {[%emt 0:00:01]} d5 {[%emt 0:00:01]} 3. Nd2 {[%emt 0:00:00]} dxe4 {[%emt 0:00:01]} 4. dxe4 {[%emt 0:00:00]} Nf6 {[%emt 0:00:01]} 5. Ngf3 {[%emt 0:00:00]} b6 {[%emt 0:00:00]} 6. Bd3 {[%emt 0:00:00]} Bb7 {[%emt 0:00:00]} 7. O-O {[%emt 0:00:01]} Be7 {[%emt 0:00:01]} 8. Re1 {[%emt 0:00:00]} Nbd7 {[%emt 0:00:01]} 9. a3 {[%emt 0:00:00]} c5 {[%emt 0:00:01]} 10. e5 {[%emt 0:00:01]} Ng4 {[%emt 0:00:02]} 11. h3 {[%emt 0:00:02]} Nh6 {[%emt 0:00:05]} 12. Ne4 {[%emt 0:00:01]} Nf5 {[%emt 0:00:03]} 13. Qe2 {[%emt 0:00:05]} Qc7 {[%emt 0:00:02]} 14. Bf4 {[%emt 0:00:02]} Nd4 {[%emt 0:00:02]} 15. Nxd4 {[%emt 0:00:01]} cxd4 {[%emt 0:00:00]} 16. Rac1 {[%emt 0:00:01]} O-O {[%emt 0:00:02]} 17. Qh5 {[%emt 0:00:01]} g6 {[%emt 0:00:04]} 18. Qh6 {[%emt 0:00:01]} Rfd8 {[%emt 0:00:06]} 19. Bg5 {[%emt 0:00:04]} Bxg5 {[%emt 0:00:10]} 20. Nxg5 {[%emt 0:00:02]} Nf8 {[%emt 0:00:01]} 21. Be4 {[%emt 0:00:09]} Rab8 {[%emt 0:00:03]} 22. Bxb7 {[%emt 0:00:02]} Rxb7 {[%emt 0:00:00]} 23. h4 {[%emt 0:00:01]} Qe7 {[%emt 0:00:02]} 24. Ne4 {[%emt 0:00:01]} f5 {[%emt 0:00:07]} 25. exf6 {[%emt 0:00:01]} Qf7 {[%emt 0:00:00]} 26. Ng5 {[%emt 0:00:01]} Qxf6 {[%emt 0:00:01]} 27. Rxe6 {[%emt 0:00:03]} Nxe6 {[%emt 0:00:02]} 28. Nxe6 {[%emt 0:00:01]} Qxe6 {[%emt 0:00:00]} 29. h5 {[%emt 0:00:00]} Rf7 {[%emt 0:00:02]} 30. hxg6 {[%emt 0:00:01]} Qxg6 {[%emt 0:00:00]} 31. Qd2 {[%emt 0:00:01]} Rdf8 {[%emt 0:00:01]} 32. Rf1 {[%emt 0:00:01] Time (Lag: Av=0.94s, max=1.2s)} 1-0